|
|
|
|
| LEADER |
02284nam a22004575i 4500 |
| 001 |
978-3-642-02215-9 |
| 003 |
DE-He213 |
| 005 |
20151125191026.0 |
| 007 |
cr nn 008mamaa |
| 008 |
100301s2010 gw | s |||| 0|eng d |
| 020 |
|
|
|a 9783642022159
|9 978-3-642-02215-9
|
| 024 |
7 |
|
|a 10.1007/978-3-642-02215-9
|2 doi
|
| 040 |
|
|
|d GrThAP
|
| 050 |
|
4 |
|a QR355-502
|
| 072 |
|
7 |
|a MMFM
|2 bicssc
|
| 072 |
|
7 |
|a MED052000
|2 bisacsh
|
| 082 |
0 |
4 |
|a 616.9101
|2 23
|
| 245 |
1 |
0 |
|a Dengue Virus
|h [electronic resource] /
|c edited by Alan L. Rothman.
|
| 264 |
|
1 |
|a Berlin, Heidelberg :
|b Springer Berlin Heidelberg,
|c 2010.
|
| 300 |
|
|
|a XV, 161 p. 9 illus. in color.
|b online resource.
|
| 336 |
|
|
|a text
|b txt
|2 rdacontent
|
| 337 |
|
|
|a computer
|b c
|2 rdamedia
|
| 338 |
|
|
|a online resource
|b cr
|2 rdacarrier
|
| 347 |
|
|
|a text file
|b PDF
|2 rda
|
| 490 |
1 |
|
|a Current Topics in Microbiology and Immunology,
|x 0070-217X ;
|v 338
|
| 505 |
0 |
|
|a Prospective Cohort Studies of Dengue Viral Transmission and Severity of Disease -- Control of Dengue Virus Translation and Replication -- Subversion of Interferon by Dengue Virus -- Dengue Virus Virulence and Transmission Determinants -- Systemic Vascular Leakage Associated with Dengue Infections – The Clinical Perspective -- Markers of Dengue Disease Severity -- Cellular Immunology of Sequential Dengue Virus Infection and its Role in Disease Pathogenesis -- HLA and Other Gene Associations with Dengue Disease Severity -- Vector Dynamics and Transmission of Dengue Virus: Implications for Dengue Surveillance and Prevention Strategies -- Dengue Vaccine Candidates in Development -- Targeted Mutagenesis as a Rational Approach to Dengue Virus Vaccine Development.
|
| 520 |
|
|
|a will follow.
|
| 650 |
|
0 |
|a Medicine.
|
| 650 |
|
0 |
|a Immunology.
|
| 650 |
|
0 |
|a Virology.
|
| 650 |
1 |
4 |
|a Biomedicine.
|
| 650 |
2 |
4 |
|a Virology.
|
| 650 |
2 |
4 |
|a Immunology.
|
| 700 |
1 |
|
|a Rothman, Alan L.
|e editor.
|
| 710 |
2 |
|
|a SpringerLink (Online service)
|
| 773 |
0 |
|
|t Springer eBooks
|
| 776 |
0 |
8 |
|i Printed edition:
|z 9783642022142
|
| 830 |
|
0 |
|a Current Topics in Microbiology and Immunology,
|x 0070-217X ;
|v 338
|
| 856 |
4 |
0 |
|u http://dx.doi.org/10.1007/978-3-642-02215-9
|z Full Text via HEAL-Link
|
| 912 |
|
|
|a ZDB-2-SBL
|
| 950 |
|
|
|a Biomedical and Life Sciences (Springer-11642)
|